000 00684nam a2200241 a 4500
001 BRCA_7444
005 20190320205834.0
008 110413s1906----mx-a######---#000-0#spa-#
041 _aspa
044 _amx
050 4 _aF1219.1.T4
_b.B38 1906
100 1 _aBatres, Leopoldo
_918331
245 1 0 _aTeotihuacán o la ciudad sagrada de los toltecas
_cpor Leopoldo Batres.
260 _aMéxico
_bImp. de Hull
_c1906
300 _a27 p.
_bil., 4 láminas
500 _aQ197
546 _aTexto en: español e inglés
650 1 4 _aToltecas
_918332
651 4 _aTeotihuacán, México (Estado)
_910191
651 4 _aMéxico
_xAntigüedades
_92765
902 _aGFM
942 _2lcc
_cB
999 _c7120
_d7120